| 000 | 01004nam a2200277 c 4500 | ||
|---|---|---|---|
| 999 |
_c341610 _d341610 |
||
| 003 | BLK | ||
| 005 | 20210323113704.0 | ||
| 008 | 180911b bul|||||r ||||||| ||bul|| | ||
| 010 | _a001240 | ||
| 040 | _aBLK | ||
| 041 |
_aBUL _cBUL |
||
| 080 |
_z316.75(497.2) _aНормативни и оценъчни аспекти на културата. Идеология. Социология на идеологията. - Социални норми и ценности. Нормени конфликти. Табу _b316.75 _x(497.2) |
||
| 100 | 1 |
_aКАРАСЛАВОВ, Георги _eпърви автор _9396560 |
|
| 245 | 0 | 0 | _aПревъзходството на социалистическата култура |
| 260 |
_aСофия _bНар. култура _c1951 _f9 септември |
||
| 300 |
_a270 с _c19 см |
||
| 380 | _a0 | ||
| 490 |
_aЧастна колекция - Академик Михаил Арнаудов _gДарение - Основен фонд |
||
| 500 | _aАвтограф с текст: На проф. М. Арнаудов в знак на уважение Г. Караславов 25 март 1952 ; Отбелязва място в книгата; Михаил Арнаудов: негови-лист | ||
| 650 |
_aИстория _9399261 |
||
| 655 |
_aКултурология _9396634 |
||
| 700 | 1 |
_aГеорги Караславов _9399262 |
|
| 852 |
_aМА 2837 _bМА |
||
| 942 |
_cKNG _n0 _s1 |
||
| 944 |
_aCR _c1994 |
||
| 999 | _d341610 | ||
| 999 | _d341610 | ||
| 999 | _d341610 | ||